Razia, queen of India. (Record no. 73351)

MARC details
000 -LEADER
fixed length control field 00715cam a22002291 4500
001 - CONTROL NUMBER
control field sa 67002646
003 - CONTROL NUMBER IDENTIFIER
control field DLC
005 - DATE AND TIME OF LATEST TRANSACTION
control field 20260227112332.0
008 - FIXED-LENGTH DATA ELEMENTS--GENERAL INFORMATION
fixed length control field 750311s1966 xx 000 0 eng
010 ## - LIBRARY OF CONGRESS CONTROL NUMBER
LC control number sa 67002646
035 ## - SYSTEM CONTROL NUMBER
System control number (OCoLC)1210383
040 ## - CATALOGING SOURCE
Original cataloging agency DLC
Transcribing agency PPT
Modifying agency DLC
042 ## - AUTHENTICATION CODE
Authentication code premarc
050 00 - LIBRARY OF CONGRESS CALL NUMBER
Classification number DS459
Item number .Z3
082 ## - DEWEY DECIMAL CLASSIFICATION NUMBER
Classification number 954/.023/0924
100 1# - MAIN ENTRY--PERSONAL NAME
Personal name Zakaria, Rafiq,
Dates associated with a name 1920-
245 10 - TITLE STATEMENT
Title Razia, queen of India.
Statement of responsibility, etc. Foreword by P. B. Gajendragadkar. Pref. by K. A. Nilakanta Sastri. Illus. by Shiavax Chavda.
260 ## - PUBLICATION, DISTRIBUTION, ETC.
Place of publication, distribution, etc. [Bombay]
Name of publisher, distributor, etc. Popular Prakashan
Date of publication, distribution, etc. [1966]
300 ## - PHYSICAL DESCRIPTION
Extent xxviii, 159 p.
Other physical details illus.
Dimensions 23 cm.
504 ## - BIBLIOGRAPHY, ETC. NOTE
Bibliography, etc. note Bibliography: p. 155-156.
600 00 - SUBJECT ADDED ENTRY--PERSONAL NAME
Personal name Raziya,
Titles and other words associated with a name Sultana of Delhi,
Dates associated with a name -1240.

No items available.

Powered by Koha